Quito en el bicentenario del proceso de la independencia del Ecuador /
Kaydedildi:
| Yazar: | |
|---|---|
| Materyal Türü: | Elektronik Ekitap |
| Dil: | İspanyolca İngilizce |
| Baskı/Yayın Bilgisi: |
Quito, Ecuador :
Abya Yala,
[2014]
|
| Konular: | |
| Online Erişim: | Digitalia Hispánica |
| Etiketler: |
Etiketle
Etiket eklenmemiş, İlk siz ekleyin!
|
MARC
| LEADER | 00000nam a2200000Ii 4500 | ||
|---|---|---|---|
| 001 | DIGABYALA0443 | ||
| 003 | NyNyDIG | ||
| 006 | m o d | ||
| 007 | cr ||||||||||| | ||
| 008 | 250808s2014 ec ob 000 0 spa d | ||
| 035 | |a (OCoLC)1525431821 | ||
| 040 | |a DGITA |b eng |e rda |e pn |c DGITA | ||
| 020 | |z 9789942091871 | ||
| 041 | |a spa |a eng | ||
| 043 | |a s-ec--- | ||
| 050 | 1 | 4 | |a F3781.3 ebook |
| 082 | 0 | 4 | |a 986.613 |2 23 |
| 100 | 1 | |a Paz y Miño Cepeda, Juan J. |q (Juan José), |e author. | |
| 245 | 1 | 0 | |a Quito en el bicentenario del proceso de la independencia del Ecuador / |c Juan J. Paz y Miño Cepeda. |
| 264 | 1 | |a Quito, Ecuador : |b Abya Yala, |c [2014] | |
| 300 | |a 1 online resource. | ||
| 336 | |a text |b txt |2 rdacontent | ||
| 337 | |a computer |b c |2 rdamedia | ||
| 338 | |a online resource |b cr |2 rdacarrier | ||
| 347 | |a text file |2 rdaft | ||
| 347 | |b PDF | ||
| 500 | |a Compilation of the author's essays and speeches (2008 y 2013), all of which are in Spanish and one in English. | ||
| 504 | |a Includes bibliographical references. | ||
| 588 | 0 | |a Online resource; title from PDF title page (Digitalia, viewed August 8, 2025) | |
| 651 | 0 | |a Quito (Ecuador) |x History |y 19th century. | |
| 651 | 0 | |a Ecuador |x History |y Wars of Independence, 1809-1830. | |
| 791 | 2 | |a Digitalia (Firm), |e distributor. | |
| 793 | 0 | |g Digitalia eBook Collection: |a Ediciones Abya-Yala | |
| 776 | 0 | 8 | |i Print version: |a Paz y Miño Cepeda, Juan J. (Juan José). |t Quito en el bicentenario del proceso de la independencia del Ecuador. |b 1era edición. |d Quito, Ecuador : Abya Yala, 2014 |z 9789942091871 |
| 856 | 4 | 0 | |3 Digitalia Hispánica |u https://digitalia.unach.elogim.com/a/175974/ |
| 910 | |a Premium collection: 2025 | ||